00556 2200181 4500001002100000005001500021008004100036020002200077035001900099041000700118082001000125090001400135100003700149245009900186260003700285300003100322650002100353INLIS00000000000019220241224112130241224||||||||| | ||| |||| || |  a978-602-19537-0-9 0010-1224000192 aid0 a332.6 a332.6 MEN0 aTim Saint Technologies Indonesia00aMenuju Perdagangan Komoditi Online: Fitradings Sebagai Software Pendukung Perdagangan Komoditi aJakartabPustaka El-Syarifc2011 axx, 128 hlm.: ilus.; 23 cm 0aIlmu-ilmu Sosial